00357nam a2200121Ia 4500008004100000245006800041260002600109260000900135300000800144650002600152650001200178856004500190170516s9999 xx 000 0 und d aSolitary fibrous tumor of the post-styloid parapharyngeal space bActa Radiologica Open c2014 a3:6 xRadiologic Technology xRadtech uhttp://journals.sagepub.com/toc/arra/3/6